01137 a2200181 45000010006000000050017000060080041000230030015000640400040000790800104001192450252002230200022004752640033004973000025005305050234005551000042007898560124008312091420260407155500.0260407a2011 arg spa dAR-UNSa-BCEJYS aAR-UNSa-BCEJYSbspacAR-UNSa-BCEJYS a347.736xQuiebra. Insolvencia. Suspensión de pagos. Bancarrota, procedimientos. Derecho Concursal10aInformes del síndico concursalpAuditoría. Situación laboral del concursado. Informes mensual de gestión, individual, general y final. Proyecto de distribución. Continuación de la empresa. Publicidad. Modelos de escritos y dictámenes a978-950-508-937-6 1aBuenos Aires :bAstreac2011 axxiv, 391 p.c23 cm. a1. Los informes ordenados en la resolución de apertura - 2. Informe individual - 3. Informe general - 4. Informes sobre la continuación de la explotación de la empresa fallida - 5. Informe final y proyecto de distribución1 aCasadío Martínez, Claudio Alfredo41uhttps://biblioeco.unsa.edu.ar/pmb/images/libros/Informes%20del%20Sindico%20Concursal.jpgyImagen de portadaqimage/jpeg